000
002930000a22000970004500
100
1
_a
Egner, Inge (1946- )
245
1
0
_a
La cortesía en el lenguaje : El caso de los interrogativos
300
_a
Vol. 9, Num. 1 (I Semestre, 1999), Páginas 3-5
773
0
_t
Traducción de la Biblia
942
_c
ANA
999
_c
52707
_d
52707